00829nam a2200217 u 450000100070000000500170000700800410002403500110006504000130007604100080008908200080009710000380010524501130014326000430025630000130029965000330031265000430034565000240038870000360041250001630044810153020260506081722.0960830s1995 ||||||m| spa  a101530 ccomduadb aspa 4a65810aPerez Restrepo, Gustavo4auteaut10aModelo para medir productividad parcial en una empresa de confeccion (Empresa Cooperativa El Santuario Ltda) aMedellín :b[sin publicador],c1995. a66 hojas 7aCostos de producción2lemb aEmpresas industriales - America Latina 7aProducción2embne10aVilla Arenas, William4auteaut aTesis (Especialista en Alta Gerencia con Énfasis en Calidad) Universidad de Antioquia. Departamento de Ingeniería Industrial - Título del grado otorgado